000 01063nam a2200265 i 4500
001 bg
245 0 _aCeramiczne i wapienno-piaskowe wyroby budowlane /
_c[oprac.Joanna Niewiarowska-Perchuć, Lucyna Ejsmont, Alicja Turzyńska] ; Centralny Ośrodek Informacji i Budownictwa ; Centralny Ośrodek Badawczo-Rozwojowy Przemysłu Betonów "CEBET".
300 _a131 s. ;
_cCOIB +
_e1998.
490 1 _aKatalog Budownictwa : zestaw tematyczny,
_x1505-4462
501 _aIndeks rzeczowy z odniesieniem do karty KB.
650 9 _amateriały ceramiczne
650 9 _amateriały wapienno-piaskowe
650 9 _amateriały budowlane
_xwyroby
700 1 _aNIEWIAROWSKA PERCHUĆ, JOANNA.
_eOprac.
700 1 _aEJSMONT, LUCYNA.
_eOprac.
700 1 _aTURZYŃSKA, ALICJA.
_eOprac.
710 _aCentralny Ośrodek Informacji Budownictwa PP, Redakcja Katalogów i Informatorów
830 0 _aKatalog Budownictwa
020 _a8385393684
040 _cBPK
041 _apol
920 _a83-85393-68-4
942 _cKA
008 s pl f |000 0 pol
999 _c24215
_d24215
856 _uhttp://koha.tu.koszalin.pl/cgi-bin/koha/opac-detail.pl?biblionumber=24215
_yKatalog online BPK